Word Ladder: An Amphibian Quiz Stats

 Plays Quiz Updated Sep 25, 2017

Challenge
Share
Tweet
Embed
Score 0/12 Timer 01:30
0 Plays Today
Hint 4-Letter Word % Correct
Lion's majestic neck hairMANE
99.1%
UK and Aussie term for a male buddy or friendMATE
95.6%
American jazz pianist Nat KingCOLE
93.4%
___ [last rung], Rhinella marina or Old man's walking aid•CANE•
93.1%
An Indianapolis NFL playerCOLT
88.5%
___ of armsCOAT
87.4%
[first rung] ___, Rhinella marina or Frog's companion•TOAD•
80.1%
A grown up kid?GOAT
71.2%
Spur into actionGOAD
71%
Change in something over change in timeRATE
63.5%
'It's the ___ of a lifetime!'ROLE
60.8%
Habitual repetition ROTE
59.1%

Today's Daily Dose

Word Ladder
Anchorman

Get the Picture
'Head' Bands

You're not logged in!

Compare scores with friends on all Sporcle quizzes.
OR
Log In

You Might Also Like...

Show Comments

Extras

Top Quizzes Today


Score Distribution

Your Account Isn't Verified!

In order to create a playlist on Sporcle, you need to verify the email address you used during registration. Go to your Sporcle Settings to finish the process.

Report this User

Report this user for behavior that violates our Community Guidelines.

Details: